000 00929nam a2200265 i 4500
001 991061769066106706
003 ES-BaIT
005 20260512112333.0
008 260512s1996 vm a||||||||||000|0|fre|c
040 _aES-BaIT
_bcat
_erda
_cES-BaIT
080 _a792.97(597)
100 1 _aNguỹên, Huy H̀ông
_eautor
_9169489
245 1 4 _aLes marionnettes sur eau traditionnelles du Vietnam /
_ctexte, Nguỹên Huy H̀ông, Tr̀ân Trung Chính ; photos, Đ̃ô Nhụân, Kim Hoàn, Vu Anh Tuân
264 1 _aHanoi :
_bThe Gioi,
_c1992
300 _a79 pàgines :
_bil·lustracions en color ;
_c24 cm
336 _atext
_btxt
_2rdacontent
336 _aimatge fixa
_bsti
_2rdacontent
337 _asense mediació
_bn
_2rdamedia
338 _avolum
_bnc
_2rdacarrier
650 4 _aTitelles d'aigua
_zVietnam
_2
_9169490
700 1 _aTran, Trung Chinh
_eautor
_9169491
908 _aCDMAE
940 _aCDMAE
942 _2udc
_c1
999 _c137445
_d137445